00801nam a22002177a 450000500170000001000150001702000260003203500130005803700130007108200130008424500840009726000410018127000830022230000290030550000520033460000670038665000290045365000350048265000480051770000180056520150603115049.0 aENG-112746 a9789351500674c995.00 aEN-96278 bDBAD/PUB a891.4408 aTagore and the feminine /cedited by Malashri Lal ba journey in translations / aNew Delhi bSage Publications c2015 aB-1/1-1, Mohan Cooperative Industrial Area, Mathura Road, bNew Delhi e110044 axxxviii,332p.c23cm(pbk) a Includes bibliographical references and index. aTagore, Rabindranath, d1861-1941 vTranslations into English. a Feminism in literature. aGender identity in literature. aFeminine beauty (Aesthetics) in literature. aMalashri Lal